Technical and environmental assessment of current opportunities and trend in end-of-life vehicles disposal

Podrobná bibliografia
Hlavný autor: Radvanská, Agáta (Autor)
Médium: Článok
Jazyk:angličtina
ISBN:9788055303123

MARC

LEADER 00000naa a2200000uu 4500
001 vtls011058093
003 SK-MaSNL
005 20260302114016.0
008 210906|2009 xo |||||||||||||||||eng|
015 |a SNBRA 
035 |a (urnnbn)urn:nbn:sk:snk:ar-a0c0c4 
035 |a (uuid)cc656d90-9b75-437e-924f-d1eba6b87989 
035 |a urn:nbn:sk:snk-aav6xb 
040 |a SNKBUCL  |b slo  |c SNKBUCL  |e AACR2 
041 0 |a eng 
044 |a xo  |c SK 
100 1 |a Radvanská, Agáta  |4 aut  |9 26654 
245 1 0 |a Technical and environmental assessment of current opportunities and trend in end-of-life vehicles disposal  |c Agáta Radvanská 
773 0 |t TSO 2009 Proceedings - New trends in Technical Systems Operation  |d Prešov : Technical Universtiy, Faculty of Manufacturing Technologies, 2009  |g S. 167-169  |z 9788055303123 
958 |a OND 
958 |a article12 
958 |a chapter 
999 |c 1258024  |d 1259954